El matrimonio de las minorías religiosas en el derecho español. Evolución histórica y regulación en la ley 7 de Julio de 1981
Guardat en:
| Autor principal: | |
|---|---|
| Format: | Llibre |
| Idioma: | espanyol |
| Publicat: |
Madrid, España
Tecnos
1986
|
| Matèries: | |
| Etiquetes: |
Afegir etiqueta
Sense etiquetes, Sigues el primer a etiquetar aquest registre!
|
MARC
| LEADER | 00000nam a2200000 a 4500 | ||
|---|---|---|---|
| 001 | UCV0096 | ||
| 003 | CL-VaPUC | ||
| 005 | 20200728110918.0 | ||
| 008 | 880324e19860000SP |||||||||||||||||spa|d | ||
| 999 | |c 208837 |d 208835 | ||
| 040 | |c Pontificia Universidad Católica de Valparaíso | ||
| 082 | 0 | 4 | |a 261.7 JOR 1986 |2 21 |
| 100 | 0 | |a Jorge García Reyes, Juan A. de |e author |9 294810 | |
| 245 | 1 | 3 | |a El matrimonio de las minorías religiosas en el derecho español. |b Evolución histórica y regulación en la ley 7 de Julio de 1981 |
| 260 | |a Madrid, España |b Tecnos |c 1986 | ||
| 300 | |a 324 páginas | ||
| 583 | |a last modification |c 19880324 00:00:00 |k Rodrigo Vera | ||
| 650 | 7 | |a MATRIMONIO |2 CL-VaPUC |9 294811 | |
| 650 | 7 | |a DERECHO CANONICO |2 CL-VaPUC |9 294812 |z ESPAÑA | |
| 650 | 7 | |a MATRIMONIO |2 CL-VaPUC |9 294811 | |
| 852 | |a BIBDER | ||
| 942 | |c BK |2 ddc | ||
| 945 | |d 19880324 00:00:00 | ||
| 952 | |0 0 |1 0 |4 0 |6 261_700000000000000_JOR_1986 |7 0 |8 A |9 183774 |a BIBDER |b BIBDER |d 2019-11-14 |i 2501562 |o 261.7 JOR 1986 |p 2501562 |r 2023-01-25 |w 2019-11-14 |y BK |k DER | ||
| 952 | |0 0 |1 0 |4 0 |6 261_700000000000000_JOR_1986 |7 0 |8 A |9 183775 |a BIBDER |b BIBDER |d 2019-11-14 |i 2501570 |o 261.7 JOR 1986 |p 2501570 |r 2023-01-25 |w 2019-11-14 |y BK |k DER | ||